Разделение метан-водородных смесей методом диффузии через непористые органические мембраны; Исследования в области пиролиза и разделения нефтяных углеводородов

Bibliografiske detaljer
Parent link:Исследования в области пиролиза и разделения нефтяных углеводородов.— 1961.— С. 77-83
Hovedforfatter: Бык С. Ш.
Andre forfattere: Кирсанова Р. П.
Sprog:russisk
Udgivet: 1961
Format: MixedMaterials Book Chapter
KOHA link:https://koha.lib.tpu.ru/cgi-bin/koha/opac-detail.pl?biblionumber=207468

MARC

LEADER 00000naa2a2200000 4500
001 207468
005 20231031191134.0
035 |a (RuTPU)RU\TPU\book\226315 
035 |a RU\TPU\book\226314 
090 |a 207468 
100 |a 20120124d1961 k y0rusy50 ca 
101 0 |a rus 
102 |a RU 
200 1 |a Разделение метан-водородных смесей методом диффузии через непористые органические мембраны  |f С. Ш. Бык, Р. П. Кирсанова 
320 |a Библиогр.: с. 83 (15 назв.) 
463 0 |0 (RuTPU)RU\TPU\book\226213  |t Исследования в области пиролиза и разделения нефтяных углеводородов  |o сборник трудов  |f Научно-исследовательский институт синтетических спиртов и органических продуктов (НИИСС)  |v С. 77-83  |d 1961  |p 126 с.  |s Труды Научно-исследовательского института синтетических спиртов и органических продуктов (НИИСС) ; Вып. 3 
700 1 |a Бык  |b С. Ш. 
701 1 |a Кирсанова  |b Р. П. 
801 1 |a RU  |b 63413507  |c 20120124 
801 2 |a RU  |b 63413507  |c 20120124  |g RCR 
942 |c BK